000 00624nam 22001813 4500
001 199685
090 _a199685
100 _a20251222d u||y0pory50 ba
200 _aCustódio Mira : poeta popular
_fCustódio Mira
_gPrefácio de João José Samouco da Fonseca
210 _aAlpiarça
_cGarrido & Lino, LDA.
_d1988
215 _a[144] p.
_cbrochado
_d21 cm
606 _92051
_aAntropologia Cultural. Etnologia. Etnografia. Usos e Costumes. Tradições. Modo de vida. Folclore
610 _aPoesia popular
675 _a39
_vPT
_zpor
700 _bCustódio Mira
_f1918-1988
801 _aPT
_bBMMN
_gRPC
830 _cVanda
990 _cLIVROS